000
00293nam a22001337a 4500
008
181017b xxu||||| |||| 00| 0 eng d
020
_a
9780071745192
041
_a
eng
080
_2
18th
_a
610
100
_a
4
101
_a
SHM
245
_a
Manual of Medicine
_c
Longo,D.L
942
_2
udc
_c
BK
999
_c
49978
_d
49978